000 00784nam a2200229Ia 4500
003 OSt
005 20230607141954.0
008 210423s2012 xx 000 0 und d
020 _a9781849052061
040 _cAL
041 _aeng
082 _a361.0068 GALH
100 _aGALLOP (Les);HAFFORD-LETCHFIELD (Trish)
_9121504
245 _aHow to become a better manager in social work and social care: essential skills for managing care
260 _aLondon
_bJessica Kingsley Publishers
_c2012
300 _a240
_bPB
365 _b1297
_cINR
650 _aSocial Problems & Services
_9121505
650 _aSocial Problems & Social Welfare
_9121506
906 _abecome ; better ; care ; care: ; essential ; How ; manager ; managing ; skills ; social ; work
942 _2ddc
_cBK
999 _c176177
_d176177